[Event "Sao Paulo Hebraica op 19th"]
[Site "Sao Paulo"]
[Date "2015.01.09"]
[Round "2"]
[White "Galati, Mario Augusto"]
[Black "Roverso, Leandro"]
[Result "1/2-1/2"]
[WhiteElo "2135"]
[BlackElo "1918"]
[PlyCount "55"]
[EventDate "2015.01.08"]
[EventType "swiss"]
[EventRounds "6"]
[EventCountry "BRA"]
[SourceTitle "CBM 164 Extra"]
[Source "ChessBase"]
[SourceDate "2015.03.02"]
[SourceVersion "1"]
[SourceVersionDate "2015.03.02"]
[SourceQuality "1"]

1. d4 Nf6 2. Nf3 g6 3. c4 Bg7 4. Nc3 0-0 5. Bg5 d6 6. e3 Nbd7 7. Be2 e5 8. 0-0 exd4 9. exd4 c6 10. Qd2 Qc7 11. h3 Re8 12. Bd3 Nf8 13. Bf4 Qd8 14. Rfe1 Rxe1+ 15. Rxe1 d5 16. c5 Be6 17. Bh6 Nh5 18. Bxg7 Nxg7 19. Qf4 Nh5 20. Qe3 Qf6 21. Ne2 Re8 22. Ne5 Ng7 23. Ng3 Nd7 24. f4 Nxe5 25. fxe5 Qh4 26. Rf1 Rf8 27. Qf4 Qxf4 28. Rxf4 1/2-1/2

[Event "Maravilhosa op 3rd"]
[Site "Laranjeiras"]
[Date "2012.07.14"]
[Round "3"]
[White "Barbosa, Evandro Amorim"]
[Black "Galati, Mario Augusto"]
[Result "1-0"]
[WhiteElo "2435"]
[BlackElo "2134"]
[PlyCount "53"]
[EventDate "2012.07.13"]
[EventType "swiss"]
[EventRounds "6"]
[EventCountry "BRA"]
[SourceTitle "CBM 149 Extra"]
[Source "ChessBase"]
[SourceDate "2012.08.24"]
[SourceVersion "1"]
[SourceVersionDate "2012.08.24"]
[SourceQuality "1"]

1. e4 c5 2. Nf3 Nc6 3. d4 cxd4 4. Nxd4 Nf6 5. Nc3 d6 6. Bg5 e6 7. Qd2 a6 8. 0-0-0 Bd7 9. f3 b5 10. Nxc6 Bxc6 11. Ne2 h6 12. Be3 Be7 13. Nd4 Bb7 14. Kb1 Qc7 15. Bd3 0-0-0 16. c4 b4 17. Rc1 Kb8 18. Qxb4 d5 19. c5 dxe4 20. Bf4 Qxf4 21. Nc6+ Ka8 22. Qb6 Bxc6 23. Qxc6+ Kb8 24. Qb6+ Ka8 25. Qxa6+ Kb8 26. Qb6+ Kc8 27. Rc4 1-0

[Event "Paulista-chT Interclubes"]
[Site "Sao Paulo"]
[Date "2012.02.??"]
[Round "2"]
[White "Galati, Mario Augusto"]
[Black "Tsuboi, Edson Kenji"]
[Result "0-1"]
[WhiteElo "2134"]
[BlackElo "2325"]
[PlyCount "74"]
[EventDate "2012.02.25"]
[EventType "team-tourn"]
[EventRounds "7"]
[EventCountry "BRA"]
[SourceTitle "EXT 2022"]
[Source "ChessBase"]
[SourceDate "2021.10.06"]
[SourceVersion "1"]
[SourceVersionDate "2021.10.06"]
[SourceQuality "1"]
[WhiteTeam "Sociedade Hebraica"]
[BlackTeam "Santo Andre AD"]
[WhiteTeamCountry "BRA"]
[BlackTeamCountry "BRA"]

1. d4 Nf6 2. Nf3 e6 3. e3 b6 4. Bd3 Bb7 5. 0-0 c5 6. c4 Be7 7. Nc3 cxd4 8. exd4 d6 9. Re1 Nbd7 10. a4 0-0 11. Ng5 h6 12. Nh3 e5 13. d5 Nc5 14. Bb1 Nh7 15. Re3 f5 16. Rg3 Rf6 17. b4 Na6 18. Rf3 Bc8 19. Qb3 Kh8 20. a5 Rb8 21. Nb5 Qd7 22. axb6 axb6 23. Qb2 g5 24. Rfa3 g4 25. Nf4 exf4 26. Bxf4 Kg8 27. Rxa6 Bxa6 28. Rxa6 Re8 29. Nd4 Qc8 30. Qa2 Bf8 31. g3 Re1+ 32. Kg2 Rxb1 33. Ra8 Rb2 34. Qa1 Qxc4 35. Rxf8+ Rxf8 36. Qxb2 Qxd5+ 37. Kg1 Ng5 0-1

[Event "BRA-ch sf"]
[Site "Sao Paulo"]
[Date "2010.10.31"]
[Round "5"]
[White "Galati, Mario Augusto"]
[Black "Costa, Giovanni de Almeida"]
[Result "1-0"]
[WhiteElo "2143"]
[BlackElo "1918"]
[PlyCount "81"]
[EventDate "2010.10.30"]
[EventType "swiss"]
[EventRounds "7"]
[EventCountry "BRA"]
[SourceTitle "EXT 2012"]
[Source "ChessBase"]
[SourceDate "2011.11.24"]
[SourceVersion "1"]
[SourceVersionDate "2011.11.24"]
[SourceQuality "1"]

1. d4 Nf6 2. Nf3 g6 3. c4 d5 4. cxd5 Nxd5 5. e4 Nb6 6. Nc3 Bg7 7. h3 0-0 8. Be2 Nc6 9. d5 Ne5 10. Nxe5 Bxe5 11. f4 Bg7 12. 0-0 e6 13. Bf3 exd5 14. exd5 Bxc3 15. bxc3 Qd6 16. Qd4 Rd8 17. Bb2 Rd7 18. c4 Qc5 19. Rad1 Qxd4+ 20. Bxd4 Rd8 21. c5 Nd7 22. Rfe1 Nf8 23. Bf6 Bd7 24. c6 Re8 25. cxd7 Nxd7 26. Bd4 Kf8 27. Kf2 Nb6 28. Rxe8+ Rxe8 29. Re1 Rxe1 30. Kxe1 Ke7 31. Bxb6 axb6 32. Kd2 Kd6 33. Kc3 Kc5 34. a4 f6 35. g4 g5 36. fxg5 fxg5 37. Be4 h6 38. Bf3 c6 39. dxc6 bxc6 40. Kd3 Kd6 41. Kd4 1-0

[Event "BRA-ch sf"]
[Site "Sao Paulo"]
[Date "2010.10.30"]
[Round "1"]
[White "Galati, Mario Augusto"]
[Black "Tsuboi, Edson Kenji"]
[Result "0-1"]
[WhiteElo "2143"]
[BlackElo "2394"]
[PlyCount "66"]
[EventDate "2010.10.30"]
[EventType "swiss"]
[EventRounds "7"]
[EventCountry "BRA"]
[SourceTitle "EXT 2012"]
[Source "ChessBase"]
[SourceDate "2011.11.24"]
[SourceVersion "1"]
[SourceVersionDate "2011.11.24"]
[SourceQuality "1"]

1. d4 Nf6 2. Nf3 e6 3. e3 c5 4. Bd3 Nc6 5. 0-0 Be7 6. c4 d5 7. Nc3 a6 8. a3 dxc4 9. Bxc4 b5 10. d5 bxc4 11. dxc6 Qc7 12. Qa4 Rb8 13. Ne5 Qxe5 14. c7+ Rb5 15. Nxb5 axb5 16. Qxb5+ Nd7 17. a4 Qxc7 18. a5 Bb7 19. Qxc4 Qc6 20. Qg4 Bf6 21. Qg3 h5 22. Qh3 Ne5 23. f3 Rg8 24. e4 Ba6 25. f4 Bxf1 26. Kxf1 Qb5+ 27. Kg1 Qe2 28. Be3 Nf3+ 29. Kh1 Qxe3 30. Qxf3 Qxf3 31. gxf3 Bd4 32. a6 Ke7 33. a7 Ra8 0-1

[Event "Sao Paulo Hebraica 6th"]
[Site "Sao Paulo"]
[Date "2010.01.16"]
[Round "2"]
[White "Galati, Mario Augusto"]
[Black "Abdalla, Luiz Guilherme"]
[Result "0-1"]
[WhiteElo "2177"]
[BlackElo "2219"]
[PlyCount "116"]
[EventDate "2010.01.16"]
[EventType "tourn"]
[EventRounds "10"]
[EventCountry "BRA"]
[SourceTitle "EXT 2022"]
[Source "ChessBase"]
[SourceDate "2021.10.06"]
[SourceVersion "1"]
[SourceVersionDate "2021.10.06"]
[SourceQuality "1"]

1. d4 Nf6 2. Nf3 e6 3. e3 c5 4. Bd3 b6 5. 0-0 Bb7 6. c4 Be7 7. Nc3 d6 8. d5 e5 9. Rb1 0-0 10. a3 Nbd7 11. e4 Nh5 12. Re1 g6 13. Bh6 Re8 14. Be3 Rf8 15. Bf1 Bf6 16. b4 Bc8 17. Qa4 Be7 18. Qd1 Ng7 19. Nd2 f5 20. Bh6 Rf7 21. Nf3 f4 22. g3 fxg3 23. hxg3 Nf8 24. bxc5 bxc5 25. Qd3 g5 26. Qe3 g4 27. Ng5 Rf6 28. Bxg7 Kxg7 29. Be2 h6 30. Ne6+ Nxe6 31. dxe6 Bxe6 32. Nd5 Rf7 33. Rb7 Bg5 34. Qb3 Qf8 35. Rf1 h5 36. Rxf7+ Qxf7 37. f3 Qd7 38. Kg2 gxf3+ 39. Bxf3 Bh3+ 40. Kf2 Bxf1 41. Kxf1 h4 42. gxh4 Bxh4 43. Ne3 Bg5 44. Nf5+ Kg6 45. Qd1 Rh8 46. Kg2 d5 47. cxd5 Bf4 48. Qg1 Kf6 49. Qxc5 Rc8 50. Qf2 Rg8+ 51. Kf1 Qb5+ 52. Qe2 Qb1+ 53. Qd1 Qb5+ 54. Qe2 Qb6 55. Bg2 Qb1+ 56. Kf2 Rb8 57. Qc4 Rb2+ 58. Kf3 Qd1+ 0-1

[Event "Sao Paulo Hebraica 6th"]
[Site "Sao Paulo"]
[Date "2010.01.16"]
[Round "4"]
[White "Galati, Mario Augusto"]
[Black "D'Israel, Davy Maurice"]
[Result "1/2-1/2"]
[WhiteElo "2177"]
[BlackElo "2195"]
[PlyCount "57"]
[EventDate "2010.01.16"]
[EventType "tourn"]
[EventRounds "10"]
[EventCountry "BRA"]
[SourceTitle "EXT 2022"]
[Source "ChessBase"]
[SourceDate "2021.10.06"]
[SourceVersion "1"]
[SourceVersionDate "2021.10.06"]
[SourceQuality "1"]

1. d4 Nf6 2. Nf3 g6 3. c4 c5 4. e3 Bg7 5. Nc3 0-0 6. d5 e6 7. e4 exd5 8. exd5 d6 9. Be2 Bg4 10. 0-0 a6 11. Bf4 Qc7 12. h3 Bxf3 13. Bxf3 Nbd7 14. Qd2 Rfe8 15. Rfe1 Rxe1+ 16. Rxe1 Re8 17. g4 Kf8 18. Kg2 Rxe1 19. Qxe1 Ne8 20. Qd2 Qa5 21. Bh6 b5 22. Bxg7+ Nxg7 23. Ne4 Qxd2 24. Nxd2 Ne8 25. b3 Ke7 26. Be2 b4 27. f4 f5 28. g5 a5 29. Bd3 1/2-1/2

[Event "Sao Paulo Hebraica 6th"]
[Site "Sao Paulo"]
[Date "2010.01.16"]
[Round "6"]
[White "Galati, Mario Augusto"]
[Black "Van Riemsdijk, Dirk Dagobert"]
[Result "0-1"]
[WhiteElo "2177"]
[BlackElo "2190"]
[PlyCount "106"]
[EventDate "2010.01.16"]
[EventType "tourn"]
[EventRounds "10"]
[EventCountry "BRA"]
[SourceTitle "EXT 2022"]
[Source "ChessBase"]
[SourceDate "2021.10.06"]
[SourceVersion "1"]
[SourceVersionDate "2021.10.06"]
[SourceQuality "1"]

1. d4 e6 2. Nf3 f5 3. b3 Nf6 4. Bb2 d5 5. e3 Bd6 6. Nbd2 0-0 7. Bd3 Bd7 8. c4 c6 9. Qc2 Be8 10. h3 Ne4 11. Rg1 Bb4 12. a3 Bxd2+ 13. Nxd2 Nd7 14. Nf3 Bg6 15. c5 Rc8 16. b4 Qe7 17. g3 Bh5 18. Ne5 Nxe5 19. dxe5 Bf3 20. Be2 Bxe2 21. Qxe2 b6 22. f3 bxc5 23. fxe4 fxe4 24. Bc3 Rf3 25. Rc1 Qg5 26. Bd2 Rcf8 27. Kd1 c4 28. Kc2 Rf2 29. Qe1 d4 30. Kb1 c3 31. Bxc3 dxc3 32. Qxc3 h6 33. h4 Qd8 34. Rgd1 Qb6 35. Rd6 Re2 36. Rxc6 Qxe3 37. Qxe3 Rxe3 38. Rxe6 Rxa3 39. Rg6 Rb3+ 40. Ka2 Rxb4 41. e6 Rb7 42. Rg4 Rf5 43. Rc8+ Kh7 44. Rc3 Re5 45. Re3 Rb4 46. Ka3 Rd4 47. Rf4 Rxe6 48. Kb3 a5 49. Rf5 Ra6 50. Re5 a4+ 51. Kc3 Rd3+ 52. Rxd3 exd3 53. Kxd3 a3 0-1

[Event "Paulista-ch final"]
[Site "Itapetininga"]
[Date "2009.10.03"]
[Round "3"]
[White "Deus Filho, Joaquim"]
[Black "Galati, Mario Augusto"]
[Result "1/2-1/2"]
[WhiteElo "2004"]
[BlackElo "2194"]
[PlyCount "94"]
[EventDate "2009.10.02"]
[EventType "swiss"]
[EventRounds "6"]
[EventCountry "BRA"]
[SourceTitle "CBM 132 Extra"]
[Source "ChessBase"]
[SourceDate "2009.11.03"]
[SourceVersion "1"]
[SourceVersionDate "2009.11.03"]
[SourceQuality "1"]

1. e4 c5 2. Nc3 Nc6 3. g3 g6 4. Bg2 Bg7 5. d3 d6 6. Be3 e6 7. Qd2 Rb8 8. Nge2 Nd4 9. Nc1 Ne7 10. Nd1 0-0 11. c3 Ndc6 12. Bh6 f5 13. h4 Rf7 14. h5 Qf8 15. hxg6 hxg6 16. Bxg7 Qxg7 17. Ne2 Bd7 18. Ne3 b5 19. 0-0-0 Rff8 20. Rh2 Kf7 21. exf5 exf5 22. d4 c4 23. Nd5 Be6 24. Nxe7 Nxe7 25. Nf4 Rh8 26. Rxh8 Rxh8 27. Re1 Bd7 28. Nd5 Nc8 29. Kb1 Qh6 30. Nf4 Ne7 31. Qe3 Re8 32. Rh1 Qg7 33. Nh3 Rh8 34. Re1 Ke8 35. Nf4 Rh7 36. Qf3 Kd8 37. Qa8+ Nc8 38. Nd5 Qh8 39. Qb8 Bc6 40. Re6 Qf8 41. Nf6 Rb7 42. Qa8 Bxg2 43. Re8+ Qxe8 44. Nxe8 Be4+ 45. Kc1 Re7 46. Qb8 Rb7 47. Qa8 Re7 1/2-1/2

[Event "Paulista-ch final"]
[Site "Itapetininga"]
[Date "2009.10.03"]
[Round "4"]
[White "Galati, Mario Augusto"]
[Black "Van Riemsdijk, Dirk Dagobert"]
[Result "1/2-1/2"]
[WhiteElo "2194"]
[BlackElo "2213"]
[PlyCount "115"]
[EventDate "2009.10.02"]
[EventType "swiss"]
[EventRounds "6"]
[EventCountry "BRA"]
[SourceTitle "CBM 132 Extra"]
[Source "ChessBase"]
[SourceDate "2009.11.03"]
[SourceVersion "1"]
[SourceVersionDate "2009.11.03"]
[SourceQuality "1"]

1. d4 f5 2. g3 e6 3. Bg2 Nf6 4. Nh3 Be7 5. Nd2 0-0 6. 0-0 d6 7. Nf3 Ne4 8. Nf4 g5 9. Nd3 Nc6 10. c3 Qe8 11. Nd2 Qg6 12. f3 Nf6 13. e4 fxe4 14. Nxe4 Nxe4 15. fxe4 Rxf1+ 16. Qxf1 Bd7 17. Qe2 Rf8 18. Bd2 e5 19. d5 Nd8 20. Rf1 Rxf1+ 21. Bxf1 c5 22. Nf2 g4 23. Bg2 Nf7 24. Nd1 h5 25. Qf2 Bg5 26. Ne3 Kg7 27. c4 Bxe3 28. Qxe3 b5 29. Bf1 b4 30. Be2 a5 31. Kg2 a4 32. Bd1 Kf6 33. Bc2 Ke7 34. Bd3 Qf6 35. Qf2 Qxf2+ 36. Kxf2 Kf6 37. Ke2 Kg6 38. Be3 Nd8 39. Kd2 Nb7 40. b3 Na5 41. Kc2 a3 42. Bd2 Nb7 43. Kd1 Nd8 44. Ke2 Nf7 45. Bc2 Kf6 46. Be3 Nh8 47. Kf2 Ng6 48. Bb1 Nf8 49. Ke2 Nh7 50. Bc2 Kg6 51. Bb1 h4 52. Bd2 Be8 53. Kf2 Kh5 54. Bc2 Bg6 55. Bd3 Nf6 56. Ke3 Bh7 57. Bc2 Kg6 58. Kf2 1/2-1/2

[Event "Americana op"]
[Site "Americana"]
[Date "2009.09.06"]
[Round "4"]
[White "Galati, Mario Augusto"]
[Black "Deus Filho, Joaquim"]
[Result "1-0"]
[WhiteElo "2194"]
[BlackElo "2004"]
[PlyCount "65"]
[EventDate "2009.09.05"]
[EventType "swiss"]
[EventRounds "6"]
[EventCountry "BRA"]
[SourceTitle "CBM 132 Extra"]
[Source "ChessBase"]
[SourceDate "2009.11.03"]
[SourceVersion "1"]
[SourceVersionDate "2009.11.03"]
[SourceQuality "1"]

1. d4 d5 2. Nf3 c6 3. e3 e6 4. Bd3 f5 5. 0-0 Nd7 6. b3 Bd6 7. Ba3 Bc7 8. c4 Nh6 9. Nbd2 Kf7 10. b4 a6 11. Qb3 g5 12. cxd5 cxd5 13. Bb2 Qf6 14. Rac1 Bd6 15. Ne5+ Nxe5 16. dxe5 Bxe5 17. Bxe5 Qxe5 18. Nf3 Qd6 19. Nxg5+ Kg6 20. f4 Bd7 21. Rf3 Rac8 22. Rcf1 Bb5 23. Rg3 Kf6 24. Bxb5 axb5 25. Qd1 Ng4 26. h3 h5 27. hxg4 hxg4 28. Rxg4 Rc4 29. Rg3 Rxb4 30. Qa1+ d4 31. Nf3 Kf7 32. Nxd4 Rc4 33. Nxf5 1-0

[Event "Americana op"]
[Site "Americana"]
[Date "2009.09.06"]
[Round "3"]
[White "Mekhitarian, Krikor Sevag"]
[Black "Galati, Mario Augusto"]
[Result "1-0"]
[WhiteElo "2496"]
[BlackElo "2194"]
[PlyCount "85"]
[EventDate "2009.09.05"]
[EventType "swiss"]
[EventRounds "6"]
[EventCountry "BRA"]
[SourceTitle "CBM 132 Extra"]
[Source "ChessBase"]
[SourceDate "2009.11.03"]
[SourceVersion "1"]
[SourceVersionDate "2009.11.03"]
[SourceQuality "1"]

1. d4 d5 2. c4 dxc4 3. e4 Nf6 4. e5 Nd5 5. Bxc4 Nb6 6. Bd3 Nc6 7. Be3 Nb4 8. Be4 f5 9. exf6 exf6 10. Nc3 f5 11. Bb1 N6d5 12. Nf3 Be7 13. 0-0 0-0 14. Re1 Bf6 15. Bd2 Re8 16. Rxe8+ Qxe8 17. Nxd5 Nxd5 18. Qb3 Qf7 19. Bd3 c6 20. Qc2 g6 21. Re1 Be6 22. Ne5 Bxe5 23. Rxe5 Nb6 24. b3 Rd8 25. Qc5 Rd5 26. Rxd5 Bxd5 27. Qd6 Nd7 28. h4 h5 29. Qc7 Nf8 30. Qb8 Kh7 31. Bf4 b5 32. Be5 Kg8 33. Qd8 Be4 34. Bxe4 fxe4 35. Bd6 Kg7 36. Bxf8+ Qxf8 37. Qd7+ Kh6 38. Qxc6 Qf4 39. g3 Qg4 40. Qxb5 Qd1+ 41. Kh2 Qxd4 42. Qg5+ Kh7 43. Qe3 1-0

[Event "Rio de Janeiro Estadual"]
[Site "Rio de Janeiro"]
[Date "2009.01.18"]
[Round "6.2"]
[White "Fucs, Paulo Moses"]
[Black "Galati, Mario Augusto"]
[Result "1-0"]
[WhiteElo "2187"]
[BlackElo "2198"]
[PlyCount "107"]
[EventDate "2009.01.10"]
[EventType "swiss"]
[EventRounds "7"]
[EventCountry "BRA"]
[SourceTitle "EXT 2022"]
[Source "ChessBase"]
[SourceDate "2021.10.06"]
[SourceVersion "1"]
[SourceVersionDate "2021.10.06"]
[SourceQuality "1"]

1. Nf3 d5 2. d4 c5 3. g3 Nc6 4. Bg2 Nf6 5. 0-0 e6 6. b3 Be7 7. Bb2 0-0 8. Nbd2 Bd7 9. c4 Rc8 10. e3 a6 11. Qe2 cxd4 12. exd4 Re8 13. Rfd1 dxc4 14. bxc4 Qa5 15. Nb3 Qa4 16. Rdc1 b6 17. Bf1 Ba3 18. Rab1 Nb4 19. Bxa3 Qxa3 20. Ra1 Bc6 21. Ne5 Ba8 22. Bg2 Bxg2 23. Kxg2 Nc6 24. Nf3 Red8 25. h3 a5 26. Qe3 a4 27. Nbd2 Qd6 28. c5 bxc5 29. Rxc5 Nd5 30. Qa3 Ra8 31. Rac1 Ncb4 32. Ne4 Qa6 33. R1c4 Rab8 34. Ne5 h6 35. Qf3 f6 36. Nc6 Nxc6 37. Rxc6 Rb6 38. R6c5 Rb4 39. Rxd5 exd5 40. Nxf6+ Qxf6 41. Qxf6 gxf6 42. Rxb4 a3 43. Ra4 Rc8 44. Rxa3 Rc4 45. Rd3 Kf7 46. Kf3 Ke6 47. a3 Kf5 48. Ke3 h5 49. Rb3 Ra4 50. Rd3 Rc4 51. Kf3 Ra4 52. g4+ hxg4+ 53. hxg4+ Kg6 54. Kf4 1-0

[Event "Villa Martelli Pro Am op 15th"]
[Site "Villa Martelli"]
[Date "2008.10.13"]
[Round "4"]
[White "Galati, Mario Augusto"]
[Black "Pradines, Emanuel"]
[Result "1/2-1/2"]
[WhiteElo "2188"]
[BlackElo "1950"]
[PlyCount "74"]
[EventDate "2008.10.10"]
[EventType "swiss"]
[EventRounds "9"]
[EventCountry "ARG"]
[SourceTitle "CBM 126 Extra"]
[Source "ChessBase"]
[SourceDate "2008.11.05"]
[SourceVersion "1"]
[SourceVersionDate "2008.11.05"]
[SourceQuality "1"]

1. d4 Nf6 2. c4 g6 3. Nc3 Bg7 4. e4 d6 5. Be2 0-0 6. Bg5 Nbd7 7. Qd2 e5 8. Nf3 c6 9. 0-0 Re8 10. d5 c5 11. a3 Nf8 12. b4 b6 13. Rfb1 Ba6 14. Rb3 Qc7 15. b5 Bc8 16. a4 N6d7 17. a5 Bb7 18. Ne1 f6 19. Be3 f5 20. f3 f4 21. Bf2 g5 22. Rba3 Ng6 23. axb6 axb6 24. Rxa8 Rxa8 25. Rxa8+ Bxa8 26. Qa2 Bb7 27. Nd3 Qd8 28. g3 Qa8 29. Qxa8+ Bxa8 30. Bf1 Kf7 31. Bh3 Ngf8 32. Na4 Bf6 33. Bf5 Kg7 34. Kg2 Bd8 35. Be1 Bb7 36. Bc3 Nf6 37. Bb2 Ng6 1/2-1/2

[Event "Villa Martelli Pro Am op 15th"]
[Site "Villa Martelli"]
[Date "2008.10.12"]
[Round "3"]
[White "Gallego, Ignacio"]
[Black "Galati, Mario Augusto"]
[Result "0-1"]
[WhiteElo "1924"]
[BlackElo "2188"]
[PlyCount "92"]
[EventDate "2008.10.10"]
[EventType "swiss"]
[EventRounds "9"]
[EventCountry "ARG"]
[SourceTitle "CBM 126 Extra"]
[Source "ChessBase"]
[SourceDate "2008.11.05"]
[SourceVersion "1"]
[SourceVersionDate "2008.11.05"]
[SourceQuality "1"]

1. e4 c5 2. Nf3 d6 3. d4 cxd4 4. Nxd4 Nf6 5. Nc3 Nc6 6. Bc4 Bd7 7. 0-0 g6 8. Nxc6 Bxc6 9. Bg5 Bg7 10. Nd5 Bxd5 11. exd5 0-0 12. Re1 Rc8 13. Bb3 h6 14. Bh4 Rc5 15. Qf3 Re8 16. Re2 b5 17. Rae1 Kf8 18. a4 b4 19. Bxf6 Bxf6 20. Qf4 Kg7 21. Qxb4 Bxb2 22. Bc4 Bf6 23. Bb5 Bc3 24. Qe4 Bxe1 25. Bxe8 Bxf2+ 26. Kxf2 Qxe8 27. Qd4+ Kg8 28. Qh4 Qc8 29. Qxe7 Qf5+ 30. Kg1 Rxd5 31. c3 Rd1+ 32. Re1 Rd2 33. Rf1 Qc5+ 34. Kh1 Qd5 35. Rg1 a5 36. c4 Qxc4 37. Qd8+ Kg7 38. Qxa5 Ra2 39. Qb6 d5 40. a5 d4 41. h3 d3 42. Rf1 d2 43. Qf6+ Kh7 44. Qxf7+ Qxf7 45. Rxf7+ Kg8 46. Rf1 Rc2 0-1

[Event "Villa Martelli Pro Am op 15th"]
[Site "Villa Martelli"]
[Date "2008.10.10"]
[Round "1"]
[White "Medina, Lihue"]
[Black "Galati, Mario Augusto"]
[Result "0-1"]
[WhiteElo "1771"]
[BlackElo "2188"]
[PlyCount "52"]
[EventDate "2008.10.10"]
[EventType "swiss"]
[EventRounds "9"]
[EventCountry "ARG"]
[SourceTitle "CBM 126 Extra"]
[Source "ChessBase"]
[SourceDate "2008.11.05"]
[SourceVersion "1"]
[SourceVersionDate "2008.11.05"]
[SourceQuality "1"]

1. c4 c5 2. Nc3 e6 3. Nf3 d5 4. cxd5 exd5 5. d4 Nc6 6. e3 Nf6 7. Be2 Be7 8. 0-0 0-0 9. a3 c4 10. b3 cxb3 11. Qxb3 Na5 12. Qc2 Bg4 13. h3 Bxf3 14. Bxf3 Rc8 15. Bb2 Nc4 16. Be2 Qa5 17. Bxc4 Rxc4 18. Qd3 Rfc8 19. Rfc1 Qb6 20. Rc2 Qb3 21. Rb1 Ne4 22. Bc1 Qxb1 23. Nxb1 Rxc2 24. Bd2 Rc1+ 25. Bxc1 Rxc1+ 26. Kh2 Rh1+ 0-1

[Event "Rio de Janeiro State-ch"]
[Site "Rio de Janeiro"]
[Date "2008.01.26"]
[Round "5.2"]
[White "Di Berardino, Diego Rafael"]
[Black "Galati, Mario Augusto"]
[Result "1-0"]
[WhiteElo "2430"]
[BlackElo "2194"]
[PlyCount "125"]
[EventDate "2008.01.19"]
[EventType "swiss"]
[EventRounds "7"]
[EventCountry "BRA"]
[SourceTitle "EXT 2022"]
[Source "ChessBase"]
[SourceDate "2021.10.06"]
[SourceVersion "1"]
[SourceVersionDate "2021.10.06"]
[SourceQuality "1"]

1. e4 c5 2. Nf3 Nc6 3. Nc3 d6 4. d4 cxd4 5. Nxd4 Nf6 6. Bg5 e6 7. Qd2 a6 8. 0-0-0 Bd7 9. f4 b5 10. Bxf6 gxf6 11. f5 h5 12. Kb1 Qb6 13. fxe6 fxe6 14. Nxc6 Bxc6 15. Bd3 Bh6 16. Qe1 0-0-0 17. Rf1 Rdf8 18. Ne2 Rhg8 19. g3 Qc5 20. Nf4 Qe5 21. Qf2 Kb7 22. Rde1 Bxf4 23. gxf4 Qc5 24. Qh4 Kb6 25. a3 a5 26. Qh3 Bd7 27. c3 Rg7 28. Bc2 a4 29. Rd1 Rfg8 30. Qh4 Rf8 31. f5 exf5 32. exf5 Rg5 33. Qf4 Kc7 34. Rd2 Re8 35. h4 Rg1 36. Rxg1 Qxg1+ 37. Rd1 Qc5 38. Qh6 Bxf5 39. Qg7+ Kc6 40. Qxf6 Bxc2+ 41. Kxc2 Qe5 42. Qf7 Re7 43. Qf8 Qe4+ 44. Kc1 Kc7 45. Qf1 Kc6 46. Qf6 Qe5 47. Qf8 Kc7 48. Kb1 Qe4+ 49. Ka1 Qxh4 50. Qa8 Qf6 51. Qa5+ Kc6 52. Qa6+ Kc5 53. c4 bxc4 54. Qa5+ Kc6 55. Qxa4+ Kc7 56. Qxc4+ Kd7 57. Qb5+ Kd8 58. Qxh5 Re3 59. Qa5+ Ke8 60. Qb5+ Ke7 61. Qb7+ Ke6 62. Rxd6+ Kxd6 63. Qb6+ 1-0

[Event "Sao Paulo IRT5 op"]
[Site "Sao Paulo"]
[Date "2006.10.14"]
[Round "6"]
[White "Brandao, Evandro Alves"]
[Black "Galati, Mario Augusto"]
[Result "1/2-1/2"]
[WhiteElo "2056"]
[BlackElo "2206"]
[PlyCount "92"]
[EventDate "2006.10.12"]
[EventType "swiss"]
[EventRounds "7"]
[EventCountry "BRA"]
[SourceTitle "CBM 114 Extra"]
[Source "ChessBase"]
[SourceDate "2006.11.03"]
[SourceVersion "1"]
[SourceVersionDate "2006.11.03"]
[SourceQuality "1"]

1. e4 c5 2. Nf3 Nc6 3. d4 cxd4 4. Nxd4 Nf6 5. Nc3 d6 6. Bc4 Na5 7. Be2 e5 8. Nb3 Be7 9. 0-0 0-0 10. Bg5 Be6 11. Re1 Nc4 12. Bxc4 Bxc4 13. Nd2 Be6 14. Nf1 Qb6 15. Qd3 Rfc8 16. Ne3 Qxb2 17. Nb5 Qb4 18. Bxf6 Bxf6 19. Rab1 Qa4 20. Nxd6 Rd8 21. Nd5 Bxd5 22. Qxd5 Qd7 23. Red1 b6 24. Rd3 Qe6 25. Rbd1 Qxd5 26. Rxd5 g6 27. Kf1 Be7 28. Nb5 Rxd5 29. exd5 Bc5 30. d6 a6 31. d7 Be7 32. Nc7 Rd8 33. Nxa6 Kf8 34. Rd5 f6 35. Nc7 Kf7 36. Ke2 Bc5 37. Na6 Ke6 38. Rd1 Bd4 39. c3 Bxc3 40. Nc7+ Kf7 41. Rd6 Ke7 42. Rc6 Bd4 43. Nd5+ Kxd7 44. Rxf6 Ra8 45. Nxb6+ Bxb6 46. Rxb6 Rxa2+ 1/2-1/2

[Event "Sao Paulo IRT5 op"]
[Site "Sao Paulo"]
[Date "2006.10.13"]
[Round "4"]
[White "Galati, Mario Augusto"]
[Black "Nagashima, Carlos Alberto"]
[Result "1/2-1/2"]
[WhiteElo "2206"]
[BlackElo "2056"]
[PlyCount "89"]
[EventDate "2006.10.12"]
[EventType "swiss"]
[EventRounds "7"]
[EventCountry "BRA"]
[SourceTitle "CBM 114 Extra"]
[Source "ChessBase"]
[SourceDate "2006.11.03"]
[SourceVersion "1"]
[SourceVersionDate "2006.11.03"]
[SourceQuality "1"]

1. d4 Nf6 2. c4 e6 3. Nf3 Bb4+ 4. Nbd2 b6 5. a3 Bxd2+ 6. Bxd2 Ne4 7. Bf4 0-0 8. Nd2 Qf6 9. e3 Nxd2 10. Qxd2 d6 11. Be2 Bb7 12. 0-0 Nd7 13. Rfd1 e5 14. Bg3 exd4 15. Qxd4 Rfe8 16. b4 Qxd4 17. Rxd4 Nf6 18. Rc1 Ne4 19. Bf3 Nxg3 20. hxg3 Bxf3 21. gxf3 a5 22. c5 dxc5 23. bxc5 b5 24. c6 Reb8 25. Rd7 Rc8 26. Rb1 Rab8 27. Rd5 b4 28. Rxa5 b3 29. Rc5 Rb6 30. Rc3 Rcb8 31. a4 Kf8 32. a5 Ra6 33. Rbxb3 Rxb3 34. Rxb3 Rxc6 35. Ra3 Ra6 36. Kf1 Ke7 37. Ke2 Kd6 38. Kd3 Kc5 39. Rc3+ Kd6 40. Ra3 Kc5 41. Ra4 Kb5 42. Rf4 f6 43. Rf5+ c5 44. Rd5 Kc6 45. Rd8 1/2-1/2